[Event "Titled Tuesday intern op 04th Jul Late"]
[Site "Chess.com INT"]
[Date "2023.07.04"]
[Round "5"]
[White "Barski, Radoslaw"]
[Black "Morefield, Jason P"]
[Result "0-1"]
[WhiteElo "2409"]
[BlackElo "2226"]
[PlyCount "36"]
[EventDate "2023.07.04"]
[EventType "swiss (blitz)"]
[EventRounds "11"]
[EventCountry "USA"]
[SourceTitle "EXT 2024"]
[Source "ChessBase"]
[SourceDate "2023.10.10"]
[SourceVersion "1"]
[SourceVersionDate "2023.10.10"]
[SourceQuality "1"]

1. e4 c5 2. Nf3 d6 3. Bb5+ Bd7 4. Bxd7+ Nxd7 5. 0-0 Ngf6 6. Qe2 e6 7. b3 Qb6 8. Bb2 Be7 9. c4 0-0 10. d4 cxd4 11. Nxd4 Rfe8 12. Kh1 d5 13. e5 Ne4 14. cxd5 exd5 15. f4 Bc5 16. Nf5 Qg6 17. Ne3 d4 18. Nf5 Qxf5 0-1

[Event "Titled Tuesday intern op 27th Jun Late"]
[Site "Chess.com INT"]
[Date "2023.06.27"]
[Round "2"]
[White "Barski, Radoslaw"]
[Black "Raahul, VS."]
[Result "1-0"]
[WhiteElo "2427"]
[BlackElo "2299"]
[PlyCount "45"]
[EventDate "2023.06.27"]
[EventType "swiss (blitz)"]
[EventRounds "11"]
[EventCountry "USA"]
[SourceTitle "EXT 2024"]
[Source "ChessBase"]
[SourceDate "2023.10.10"]
[SourceVersion "1"]
[SourceVersionDate "2023.10.10"]
[SourceQuality "1"]

1. e4 e5 2. Bc4 Nf6 3. Nc3 Nc6 4. d3 Na5 5. Bb3 Nxb3 6. axb3 d5 7. exd5 Nxd5 8. Nge2 Be6 9. 0-0 Be7 10. Ng3 0-0 11. Qh5 f6 12. Nxd5 Qxd5 13. Ra4 g6 14. Qh6 Qd7 15. f4 Rae8 16. Kh1 a6 17. f5 Qc6 18. fxg6 Rf7 19. gxf7+ Bxf7 20. Rg4+ Bg6 21. Rxg6+ hxg6 22. Qxg6+ Kh8 23. Rf5 1-0

[Event "CZE-chT1E 2223"]
[Site "Czech Republic"]
[Date "2023.04.01"]
[Round "10.5"]
[White "Barski, Radoslaw"]
[Black "Polak, Tomas"]
[Result "1/2-1/2"]
[WhiteElo "2431"]
[BlackElo "2502"]
[PlyCount "41"]
[EventDate "2022.10.08"]
[EventType "team-tourn"]
[EventRounds "11"]
[EventCountry "CZE"]
[SourceTitle "EXT 2024"]
[Source "ChessBase"]
[SourceDate "2023.10.10"]
[SourceVersion "1"]
[SourceVersionDate "2023.10.10"]
[SourceQuality "1"]
[WhiteTeam "Poruba Slavoj II"]
[BlackTeam "Brno Moravska Slavia II"]
[WhiteTeamCountry "CZE"]
[BlackTeamCountry "CZE"]

1. e4 c6 2. d4 d5 3. e5 Bf5 4. h4 h5 5. Bd3 Bxd3 6. Qxd3 Qa5+ 7. Nd2 e6 8. Ngf3 Qa6 9. c4 Nd7 10. b3 Nh6 11. 0-0 Nf5 12. a4 Rc8 13. Qc3 c5 14. cxd5 exd5 15. Ba3 Be7 16. b4 c4 17. b5 Qe6 18. Ng5 Bxg5 19. hxg5 Nf8 20. Bc5 b6 21. Bxf8 1/2-1/2

[Event "EU-ch Blitz"]
[Site "Katowice"]
[Date "2022.12.16"]
[Round "18"]
[White "Jaskolka, Tomasz"]
[Black "Barski, Radoslaw"]
[Result "0-1"]
[WhiteElo "2188"]
[BlackElo "2441"]
[PlyCount "70"]
[EventDate "2022.12.16"]
[EventType "swiss (blitz)"]
[EventRounds "22"]
[EventCountry "POL"]
[SourceTitle "CBM 211 Extra"]
[Source "ChessBase"]
[SourceDate "2023.01.31"]
[SourceVersion "1"]
[SourceVersionDate "2023.01.31"]
[SourceQuality "1"]

1. d4 d5 2. Bf4 e6 3. e3 Nf6 4. Nf3 c5 5. c3 Nc6 6. Nbd2 Be7 7. Bd3 Nh5 8. Bg3 0-0 9. Ne5 g6 10. f4 f6 11. Nxc6 bxc6 12. Bf2 Rb8 13. Qc2 Qb6 14. Rb1 cxd4 15. cxd4 c5 16. 0-0 cxd4 17. exd4 Nxf4 18. Bg3 Nxd3 19. Qxd3 Ba6 20. Qe3 Rbc8 21. Rfe1 e5 22. Bf2 e4 23. h4 f5 24. Qh6 f4 25. Nf3 e3 26. Kh2 Bf6 27. Bg1 Bd3 28. Rbd1 Bg7 29. Qg5 Be4 30. b3 Rc2 31. Kh1 Rf5 32. Qe7 Rf8 33. Bh2 Qf6 34. Qd7 Bxf3 35. gxf3 Qxh4 0-1

[Event "EU-ch Blitz"]
[Site "Katowice"]
[Date "2022.12.16"]
[Round "15"]
[White "Redzisz, Michal"]
[Black "Barski, Radoslaw"]
[Result "0-1"]
[WhiteElo "2260"]
[BlackElo "2441"]
[PlyCount "54"]
[EventDate "2022.12.16"]
[EventType "swiss (blitz)"]
[EventRounds "22"]
[EventCountry "POL"]
[SourceTitle "CBM 211 Extra"]
[Source "ChessBase"]
[SourceDate "2023.01.31"]
[SourceVersion "1"]
[SourceVersionDate "2023.01.31"]
[SourceQuality "1"]

1. d4 d5 2. c4 e6 3. Nf3 Nf6 4. g3 Bb4+ 5. Bd2 a5 6. Qc2 0-0 7. Bg2 c5 8. e3 dxc4 9. dxc5 Bxc5 10. Ne5 Ra7 11. Nc3 b6 12. Nb5 Bb7 13. Bxb7 Rxb7 14. 0-0 Nbd7 15. Nxc4 Qe7 16. Rac1 e5 17. Rfd1 Qe6 18. Be1 e4 19. Nbd6 Rbb8 20. a4 h5 21. Bc3 Qh3 22. Qe2 Ng4 23. f4 exf3 24. Qxf3 Qxh2+ 25. Kf1 Qh3+ 26. Kg1 f5 27. Rf1 Qh2# 0-1

[Event "EU-ch Blitz"]
[Site "Katowice"]
[Date "2022.12.16"]
[Round "10"]
[White "Vogel, Roven"]
[Black "Barski, Radoslaw"]
[Result "1-0"]
[WhiteElo "2463"]
[BlackElo "2441"]
[PlyCount "44"]
[EventDate "2022.12.16"]
[EventType "swiss (blitz)"]
[EventRounds "22"]
[EventCountry "POL"]
[SourceTitle "CBM 211 Extra"]
[Source "ChessBase"]
[SourceDate "2023.01.31"]
[SourceVersion "1"]
[SourceVersionDate "2023.01.31"]
[SourceQuality "1"]

1. c4 e6 2. Nc3 d5 3. d4 Nf6 4. cxd5 exd5 5. Bg5 c6 6. e3 Be7 7. Bd3 0-0 8. Qc2 h6 9. Bh4 Ne8 10. Bg3 Nd6 11. Nf3 Re8 12. 0-0 Bf8 13. b4 g6 14. b5 h5 15. Bxg6 Bg4 16. Bh7+ Kh8 17. Ne5 Be6 18. Bd3 h4 19. Bf4 Bg7 20. Qe2 Kg8 21. Qh5 cxb5 22. Nxb5 Nc4 1-0

[Event "CZE-chT1E 2223"]
[Site "Czech Republic"]
[Date "2022.10.09"]
[Round "2.5"]
[White "Barski, Radoslaw"]
[Black "Szotkowski, Jakub"]
[Result "1-0"]
[WhiteElo "2431"]
[BlackElo "2322"]
[PlyCount "77"]
[EventDate "2022.10.08"]
[EventType "team-tourn"]
[EventRounds "11"]
[EventCountry "CZE"]
[SourceTitle "CBM 210 Extra"]
[Source "ChessBase"]
[SourceDate "2022.11.30"]
[SourceVersion "1"]
[SourceVersionDate "2022.11.30"]
[SourceQuality "1"]
[WhiteTeam "Poruba Slavoj II"]
[BlackTeam "Trinec"]
[WhiteTeamCountry "CZE"]
[BlackTeamCountry "CZE"]

1. e4 c6 2. d4 d5 3. e5 Bf5 4. h4 Qb6 5. g4 Bd7 6. h5 e6 7. f4 c5 8. c3 Nc6 9. Nf3 Rc8 10. Na3 cxd4 11. cxd4 Bxa3 12. bxa3 Nge7 13. Qd3 Na5 14. Be2 Ba4 15. 0-0 0-0 16. h6 g6 17. Qe3 Nc4 18. Qf2 f5 19. exf6 Rxf6 20. Bd3 Qd6 21. Ne5 b5 22. f5 exf5 23. Bg5 Rff8 24. Rae1 Nxe5 25. dxe5 Qxa3 26. Qd4 Rc4 27. Bxe7 Rxd4 28. Bxa3 Rxg4+ 29. Kf2 b4 30. Bb2 Rh4 31. Rh1 Rxh1 32. Rxh1 Rd8 33. Rc1 Rd7 34. e6 Re7 35. Rc8+ Re8 36. Rc7 Rxe6 37. Rg7+ Kf8 38. Rxh7 d4 39. Rxa7 1-0